| 000 | 01652cad a22002295a 4500 | ||
|---|---|---|---|
| 001 | L149382 | ||
| 008 | 100301e20100223xxk f 000 0 eng d | ||
| 020 | _a9781409822455 | ||
| 035 | _a(Sirsi) u149382 | ||
| 041 | 0 | _aeng | |
| 050 | 0 | 4 | _a333.33 $2 18 |
| 110 | 2 |
_aUnited Kingdom _bDepartment for Communities and Local Government _94939 |
|
| 245 | 0 | 0 |
_aEnglish housing survey _bheadline report 2008-2009 _h[electronic resource] |
| 260 |
_aLondon _bDCLG _c2010 |
||
| 505 | 2 | _aIntroduction -- Key findings -- Section 1 households -- Section 2 housing stock -- Annex tables -- Technical annexe -- Glossary | |
| 520 | _aPreliminary findings of the English Housing Survey (EHS) for 2008-2009. Part one focuses on the profile of households including trends in tenures, household type,and economic status of households. It also covers the buying aspirations of renters, overcrowding and under-occupation, recent movers and satisfaction with home andlocal area. Part two provides an overview of the housing stock in England including the age, size, and type of home and presents measures of living conditions. This includes energy efficiency of the housing stock, decent homes, the Housing Health and Safety Rating System and homes affected by damp and mould. A full report of the findings will be published later in 2010. EHS has replaced the English House Condition Survey and the Survey of English Housing. | ||
| 590 | _aKA NTK | ||
| 651 | 4 |
_aEngland _y886- |
|
| 690 |
_aResidential property _96266 |
||
| 856 | 4 | 0 |
_uhttps://www.communities.gov.uk/documents/statistics/pdf/1479789.pdf _zView this item free of charge at www.communities.gov.uk |
| 942 | _n0 | ||
| 999 |
_c110475 _d110475 |
||